| 000 | 00481nam a22001817a 4500 | ||
|---|---|---|---|
| 005 | 20251108164035.0 | ||
| 008 | 250721s1999 xx 000 0 ara d | ||
| 082 | 1 | 4 | _a322.1/عبد |
| 100 | 1 | _aعبد الله، عقيل جاسم | |
| 245 | 1 | 0 | _aالنقود و المصارف / |
| 250 | _aط2 | ||
| 264 | 1 |
_aعمان : _bدار مجدلاوي للنشر، _c1999. |
|
| 300 | _a339ص | ||
| 650 | 1 | 7 | _aالنقود |
| 650 | 1 | 7 | _aالبنوك |
| 942 |
_2ddc _cBK |
||
| 999 |
_c2123 _d2123 |
||